00498nam a2200157 a 450000100100000000500170001000800410002704000250006808200150009310000380010824500620014626000420020830000280025049000310027883000310030900002710420200930030614.0110329s1979 dr a 000 0 spa d aDO-SdBNPbspacBNPHU axxxbL817a1 aLockward Artiles, Antonio,d1943-10aAy! ¡Ay! se me muere Rebeca /cAntonio Lockward Artiles. aSanto Domingo :bAlfa y Omega,c1979. a193 p. :bil. ;c23 cm.1 aSociedades biblicas unidas 0aSociedades biblicas unidas